000 00522nam a2200193Ia 4500
005 20260429112136.0
008 260429s9999||||xx |||||||||||||| ||und||
020 _a9780443113277
041 _aEnglish
082 _a612.76
_bSOA
100 _aSoames, Roger W.
245 0 _aAnatomy and human movement :
_bstructure and function /
_cRoger W. Soames
250 _a8th ed.
260 _aAmsterdam :
_bElsevier,
_c2025.
300 _axiii, 758 p.; pbk
650 _a Human movement
650 _aAnatomy
942 _cTB
999 _c52560
_d52560